Χώρες που αρχίζουν από Μ - Statistics

General Stats
  • This quiz has been taken 2 726 times
  • The average score is 18 of 28
Answer Stats
Απάντηση % Correct
Μαρόκο
83%
Μολδαβία
82%
Μαδαγασκάρη
81%
Μάλτα
81%
Μαλαισία
76%
Μαυριτανία
76%
Μαυροβούνιο
72%
Μεξικό
72%
Μογγολία
72%
Μάλι
71%
Μαλάουι
66%
Μαυρίκιος
66%
Μονακό
66%
Μοζαμβίκη
64%
Μπουτάν
64%
Μαλδίβες
63%
Μπανγκλαντές
61%
Μποτσουάνα
61%
Μπαχρέιν
60%
Μιανμάρ (Βιρμανία)
59%
Μπαχάμες
57%
Μπουρούντι
53%
Μπρουνέι
53%
Μπενίν
52%
Μικρονησία
48%
Μπουρκίνα
48%
Μπαρμπάντος
44%
Μπελίζε
39%
No matching quizzes found
Score Distribution
Percent of People with Each Score
Percentile by Number Answered
Your Score History
You have not taken this quiz